Vainqueur(e)s des WTT Champions au tennis de table - Statistiques

Statistiques générales
  • Ce quiz a été pris 40 fois
  • Le résultat moyen est 10 sur 16
Statistiques - réponses
# Pays Vainqueur(e)s % Correct
1 Félix Lebrun
97%
4 Wang Chuqin
91%
2 Tomokazu Harimoto
88%
1 Truls Möregårdh
85%
2 Lin Shidong
79%
7 Sun Yingsha
73%
3 Wang Manyu
73%
2 Fan Zhendong
61%
1 Liang Jingkun
48%
1 Sora Matsushima
45%
1 Lin Yun-Ju
42%
1 Xiang Peng
42%
1 Hina Hayata
36%
1 Satsuki Odo
36%
3 Wang Yidi
36%
1 Chen Xingtong
33%
Aucun quiz correspondant
Distribution des résultats
% des personnes avec chaque résultat
Percentile par nombre de réponses
Votre historique - résultats
Vous n’avez pas pris ce quiz